Arrested development. Season one, [disc 2] ... Read More
Available copies
- 1 of 1 copy available at LARL/NWRL Consortium.
Current holds
0 current holds with 1 total copy.
Show Only Available Copies
| Location | Call Number / Copy Notes | Barcode | Shelving Location | Status | Due Date |
|---|---|---|---|---|---|
| Thief River Falls Public Library | DVD ARR (Text) | 35500003919360 | Main | Available | - |
Record details
- Physical Description: 1 videodisc (176 min.) : sd., col. ; 4 3/4 in.
- Publisher: Beverly Hills, CA : 20th Century Fox Home Entertainment, 2004
Content descriptions
| General Note: | Title from container. Originally broadcast on television in 2004. Based on the characters created by Mitchell Hurwitz. Special features: audio commentary on "Let Them Eat Cake" by Mitchell Hurwitz and some of the ... Read More |
| Formatted Contents Note: | Staff infection -- Missing Kitty -- Altar Egos -- ... Read More |
| Participant or Performer Note: | Alia Shawkat, David Cross, Jason Bateman, Jeffrey ... Read More |
| Summary, etc.: | Contains episodes 15-22 from the first season of ... Read More |
| Target Audience Note: | MPAA rating: Not rated. |
| System Details Note: | DVD, region 1, widescreen (1.78:1) presentation; ... Read More |
| Language Note: | English dialogue, English, French or Spanish ... Read More |
Search for related items by subject
| Subject: | Credit cards > Drama. Upper class families > Drama. Liquidity (Economics) > Drama. |
| Genre: | Television comedies > United States. Video recordings for the hearing impaired. DVDs. Comedy > Television series. |
| LDR | 02895cgm a2200589Ka 4500 | ||
|---|---|---|---|
| 001 | 74444 | ||
| 003 | LARL_NWRL_CONSORTIUM | ||
| 005 | 20061121112308.0 | ||
| 007 | vd cvaizq | ||
| 008 | 041019s2004 cau176 g vleng d | ||
| 024 | 1 | . | ‡a024543146957 (set) |
| 035 | . | ‡a(OCoLC)56771360 | |
| 037 | . | ‡bMidwest Tapes ‡nhttp://www.midwesttapes.com | |
| 040 | . | ‡aTEFMT ‡cTEFMT ‡dRCS ‡dNRG | |
| 041 | 0 | . | ‡aeng ‡beng ‡bfre ‡bspa ‡geng |
| 082 | 0 | 4. | ‡a791.45/75 ‡222 |
| 245 | 0 | 0. | ‡aArrested development. ‡nSeason one, [disc 2] ‡h[DVD/videorecording] / ‡c20th Century Fox Television ; Imagine Television ; The Hurwitz Company ; writers, Brad Copeland ... [et al.] ; directed by Jay Chandrasekhar ... [et al.]. |
| 260 | . | ‡aBeverly Hills, CA : ‡b20th Century Fox Home Entertainment, ‡c2004 | |
| 300 | . | ‡a1 videodisc (176 min.) : ‡bsd., col. ; ‡c4 3/4 in. | |
| 538 | . | ‡aDVD, region 1, widescreen (1.78:1) presentation; Dolby Digital surround; dual-layer. | |
| 546 | . | ‡aEnglish dialogue, English, French or Spanish subtitles; closed-captioned. | |
| 500 | . | ‡aTitle from container. | |
| 511 | 1 | . | ‡aAlia Shawkat, David Cross, Jason Bateman, Jeffrey Tambor, Jessica Walter, Michael Cera, Portia de Rossi, Tony Hale, Will Arnett. |
| 500 | . | ‡aOriginally broadcast on television in 2004. | |
| 500 | . | ‡aBased on the characters created by Mitchell Hurwitz. | |
| 521 | 8 | . | ‡aMPAA rating: Not rated. |
| 520 | . | ‡aContains episodes 15-22 from the first season of Arrested Development. | |
| 505 | 0 | . | ‡aStaff infection -- Missing Kitty -- Altar Egos -- Justice is blind -- Best man for the GOB -- Whistler's mother -- Not without my daughter -- Let them eat cake. |
| 500 | . | ‡aSpecial features: audio commentary on "Let Them Eat Cake" by Mitchell Hurwitz and some of the actors; "Arrested Development": The making of a future classic" TV land featurette; TV Land Awards: The Future Classic Award" featurette; promo spot. | |
| 650 | 0. | ‡aCredit cards ‡vDrama. | |
| 650 | 0. | ‡aUpper class families ‡vDrama. | |
| 650 | 0. | ‡aLiquidity (Economics) ‡vDrama. | |
| 655 | 0. | ‡aTelevision comedies ‡zUnited States. | |
| 655 | 0. | ‡aVideo recordings for the hearing impaired. ‡0(LARL_NWRL_CONSORTIUM)175744 | |
| 655 | 0. | ‡aDVDs. | |
| 655 | 7. | ‡aComedy ‡vTelevision series. ‡2migfg | |
| 700 | 1 | . | ‡aChandrasekhar, Jay. ‡0(LARL_NWRL_CONSORTIUM)210536 |
| 700 | 1 | . | ‡aShawkat, Alia, ‡d1989- ‡0(LARL_NWRL_CONSORTIUM)210506 |
| 700 | 1 | . | ‡aCross, David, ‡d1964- ‡0(LARL_NWRL_CONSORTIUM)219615 |
| 700 | 1 | . | ‡aBateman, Jason. ‡0(LARL_NWRL_CONSORTIUM)207933 |
| 700 | 1 | . | ‡aTambor, Jeffrey, ‡d1944- ‡0(LARL_NWRL_CONSORTIUM)136495 |
| 700 | 1 | . | ‡aWalter, Jessica, ‡d1944- ‡0(LARL_NWRL_CONSORTIUM)184166 |
| 700 | 1 | . | ‡aCera, Michael. ‡0(LARL_NWRL_CONSORTIUM)210497 |
| 700 | 1 | . | ‡aDe Rossi, Portia, ‡d1973- ‡0(LARL_NWRL_CONSORTIUM)210499 |
| 700 | 1 | . | ‡aHale, Tony. ‡0(LARL_NWRL_CONSORTIUM)210500 |
| 700 | 1 | . | ‡aArnett, Will. ‡0(LARL_NWRL_CONSORTIUM)210495 |
| 710 | 2 | . | ‡aTwentieth Century-Fox Television, Inc. ‡0(LARL_NWRL_CONSORTIUM)51700 |
| 710 | 2 | . | ‡aImagine Television (Firm) ‡0(LARL_NWRL_CONSORTIUM)152089 |
| 710 | 2 | . | ‡aTwentieth Century Fox Home Entertainment, Inc. ‡0(LARL_NWRL_CONSORTIUM)140752 |
| 901 | . | ‡a74444 ‡bOCLC ‡c74444 ‡tbiblio | |

Add to basket
Permalink
Disable Highlighting